Quddus Fransiskusning (Record no. 5375)

MARC details
000 -LEADER
fixed length control field 00573nam a2200229 a 4500
020 ## - INTERNATIONAL STANDARD BOOK NUMBER
ISBN
082 00 - DEWEY DECIMAL CLASSIFICATION NUMBER
Classification number 201
Author Cutter SWE
245 ## - TITLE STATEMENT
Title Quddus Fransiskusning
Sub title Ajaib Gul Halqasi
260 ## - PUBLICATION, DISTRIBUTION, ETC. (IMPRINT)
Place of publication Kashghar
Name of publisher Swedish Mission Press
Year of publication 1934
300 ## - PHYSICAL DESCRIPTION
Number of Pages 54p
500 ## - GENERAL NOTE
General note includes index and biblioraphy
505 2# - FORMATTED CONTENTS NOTE
Formatted contents note Illustrated
650 ## - SUBJECT ADDED ENTRY--TOPICAL TERM
Topical Term Christian-Biography
942 ## - ADDED ENTRY ELEMENTS (KOHA)
Koha item type Books
Holdings
Home library Current library Date acquired Cost, normal purchase price Full call number Accession Number Koha item type
Henry Martyn Institute Library Henry Martyn Institute Library 06/13/2007 100.00 201 SWE 5341 Archive Book
                   Copyright © 2026 | Henry Martyn Institute | Hyderabad | TS-500052 | INDIA | Implemented by hmi.edu.in
Hit-Count:

Powered by Koha